000 00553pab a2200193 454500
008 180718b2013 xxu||||| |||| 00| 0 eng d
100 _aBiswa, Soumendu
245 _aMediator analysis of employees engagement: Role of perceived organizational support, Profit, organizational commitment and job satisfaction
260 _c2013
300 _ap.27-40.
362 _aJan-Mar
650 _aOrganizations
650 _aEmployees
650 _aJob satisfaction
700 _aBhatnagar, Jyotsna
773 _aVikalpa
908 _aN
909 _a99491
999 _c99490
_d99490